Sách tra cứu tóm tắt về vật lý

Uloženo v:
Podrobná bibliografie
Hlavní autor: N L Kariakine
Médium: Kniha
Jazyk:Undetermined
Vydáno: Hà Nội KHKT 1978
Témata:
Tagy: Přidat tag
Žádné tagy, Buďte první, kdo otaguje tento záznam!
Thư viện lưu trữ: Trung tâm Học liệu Trường Đại học Cần Thơ
LEADER 00505nam a2200169Ia 4500
001 CTU_2098
008 210402s9999 xx 000 0 und d
082 |a 530.0202 
082 |b K18 
100 |a N L Kariakine 
245 0 |a Sách tra cứu tóm tắt về vật lý 
245 0 |c N L Kariakine, P. S. Kiréev; Dịch giả: Đặng Văn Khang 
260 |a Hà Nội 
260 |b KHKT 
260 |c 1978 
650 |a physics 
980 |a Trung tâm Học liệu Trường Đại học Cần Thơ